00589nam a22001937a 450000500170000000800410001702000180005804000210007604100080009708200130010510000260011824500900014425000120023426000340024630000100028065000510029070000260034170000280036720250305083159.0250305b |||||||| |||| 00| 0 eng d a9788119679843 aIN-DiNCcIN-DiNC dasm a351bGOH aGohain, Nabineauthor aLoka prashasanar parichay (Major6)/cby Nabin Gohain, Pankaj Borah and Pranjit Saikia a1st ed. aJorhat:bBidya bhawan,c2025. a319p. aIntroduction to public administration (Major6) aBorah, Pankajeauthor aSaikia, Pranjiteauthor